| 000 | 00478nam a2200157 i 4500 | ||
|---|---|---|---|
| 001 | 99503 | ||
| 003 | ES-MaACL | ||
| 005 | 20230906182516.0 | ||
| 007 | t| | ||
| 008 | 050912s1915 ag ||||1| spa d | ||
| 100 | 1 |
_aMartínez, Juan Angel. _977775 |
|
| 245 | 1 | 3 |
_aEl estudio de la Historia / _cJuan Angel Martínez. |
| 260 |
_aBuenos Aires : _b[s.n.], _c1915 ( _fImp. de José Tragant) |
||
| 300 |
_a29 p. ; _c22 cm. |
||
| 852 |
_aES-MaACL _j1661-F-19 _q. - Ded. autógr. del autor |
||
| 999 |
_c99503 _d99503 |
||